Medicinal plant biotechnology / (Record no. 480229)
[ view plain ]
| 000 -LEADER | |
|---|---|
| fixed length control field | 03535cam a22003014a 4500 |
| 001 - CONTROL NUMBER | |
| control field | 16210728 |
| 003 - CONTROL NUMBER IDENTIFIER | |
| control field | ASAB |
| 005 - DATE AND TIME OF LATEST TRANSACTION | |
| control field | 20180827062657.0 |
| 008 - FIXED-LENGTH DATA ELEMENTS--GENERAL INFORMATION | |
| fixed length control field | 100427s2010 maua b 001 0 eng |
| 010 ## - LIBRARY OF CONGRESS CONTROL NUMBER | |
| LC control number | 2010016962 |
| 020 ## - INTERNATIONAL STANDARD BOOK NUMBER | |
| International Standard Book Number | 81-239-1097-5 |
| 035 ## - SYSTEM CONTROL NUMBER | |
| System control number | (DNAL)1054266 |
| 040 ## - CATALOGING SOURCE | |
| Original cataloging agency | DNAL/DLC |
| Transcribing agency | ASAB |
| Modifying agency | DLC |
| 042 ## - AUTHENTICATION CODE | |
| Authentication code | pcc |
| 050 00 - LIBRARY OF CONGRESS CALL NUMBER | |
| Classification number | TP248.27.P55 |
| Item number | M436 2010 |
| 070 0# - NATIONAL AGRICULTURAL LIBRARY CALL NUMBER | |
| Classification number | TP248.27.P55 |
| Item number | M43 2010 |
| 082 00 - DEWEY DECIMAL CLASSIFICATION NUMBER | |
| Classification number | 615/.32 |
| Edition number | 22 |
| 245 00 - TITLE STATEMENT | |
| Title | Medicinal plant biotechnology / |
| Statement of responsibility, etc. | ciddi veersham |
| 300 ## - PHYSICAL DESCRIPTION | |
| Extent | xv,506 p. : |
| Other physical details | ill. ; |
| Dimensions | 26 cm. |
| 504 ## - BIBLIOGRAPHY, ETC. NOTE | |
| Bibliography, etc. note | Includes bibliographical references and index. |
| 505 0# - FORMATTED CONTENTS NOTE | |
| Formatted contents note | Emerging trends in medicinal plant biotechnology / Rajesh Arora, Archana Mathur and Ajay K. Mathur -- Medicinal compounds produced in plant cell factories / Suvi T. Häkkinen and Anneli Ritala -- Biotechnological characterization of different populations of an endangered medicinal herb- Podophyllum hexandrum Royle / Hemant Lata and Suman Chandra -- Traditional and biotechnological strategies for conservation of Podophyllum hexandrum Royle : a case study / Amit C. Kharkwal ... [et al.] -- Microsatellite markers: potential and opportunities in medicinal plants / Atul Grover, Ankit Jain and P.C. Sharma -- In vitro-propagation of medicinal plants for conservation and quality assurance / Chris Wawrosch -- Propagation of elite Cannabis sativa L. for the production of 9-tetrahydrocannabinol (THC) using biotechnological tools / Suman Chandra ... [et al.] -- In vitro saponin production in plant cell and tissue cultures / Archana Mathur and Ajay K. Mathur -- Podophyllotoxin and related lignans: biotechnological production by in vitro plant cell cultures / Iliana Ionkova -- Hairy root culture: copying nature in new bioprocesses / M. Georgiev, Jutta Ludwig-Müller and Thomas Bley -- Genetic transformation of Catharanthus roseus (L.) G. Don. for augmenting secondary metabolite production / Rajesh Arora ... [et al.] -- Podophyllum endophytic fungi / John R. Porter -- Biotechnology of Himalayan Vinca major and Vinca minor / Rajesh Arora ... [et al.] -- Analytical platforms and databases ranging from plant transcriptomics to metabolomics / Tetsuya Sakurai, Kenji Akiyama and Kazuki Saito -- Docking-based virtual screening of anticancer drugs / Feroze Khan, Abha Meena and Ashok Sharma -- Population structure and molecular characterization of Podophyllum hexandrum of the northwestern Himalayas / Pradeep K. Naik, Shri Ram and Harvinder Singh -- Plant virus vector systems for the production and delivery of biopharmaceuticals / Rofina Yasmin Othman and Noor Hasima Nagoor -- Novel medicinal plants for the production and delivery of vaccines / Simone Reichwein and H. Warzecha -- Noscapinoids: a new class of anti-cancer drugs demand biotechnological intervention / Harish C. Joshi ... [et al.] -- Recent developments in biotechnology and chemistry of Podophyllum / Abha Chaudhary, Bikram Singh and Paramvir Singh Ahuja -- Plant-derived recombinant Griffithsin: a protein with potent broad spectrum inhibitory effects against enveloped viruses / J. Calvin Kouokam and Kenneth E. Palmer -- Camptothecins : SAR, QSAR, and biotechnology / Rajeshwar P. Verma. |
| 650 #0 - SUBJECT ADDED ENTRY--TOPICAL TERM | |
| Topical term or geographic name entry element | Medicinal plants |
| General subdivision | Biotechnology. |
| 9 (RLIN) | 2127 |
| 700 1# - ADDED ENTRY--PERSONAL NAME | |
| Personal name | Arora, Rajesh. |
| 9 (RLIN) | 2128 |
| 710 2# - ADDED ENTRY--CORPORATE NAME | |
| Corporate name or jurisdiction name as entry element | C.A.B. International. |
| 9 (RLIN) | 2129 |
| 906 ## - LOCAL DATA ELEMENT F, LDF (RLIN) | |
| a | 7 |
| b | cbc |
| c | orignew |
| d | 1 |
| e | ecip |
| f | 20 |
| g | y-gencatlg |
| 942 ## - ADDED ENTRY ELEMENTS (KOHA) | |
| Source of classification or shelving scheme | |
| Koha item type | Book |
| Withdrawn status | Lost status | Source of classification or shelving scheme | Damaged status | Not for loan | Collection code | Permanent Location | Current Location | Date acquired | Total Checkouts | Full call number | Barcode | Date last seen | Price effective from | Koha item type |
|---|---|---|---|---|---|---|---|---|---|---|---|---|---|---|
| Atta-ur-Rahman School of Applied Biosciences (ASAB) | Atta-ur-Rahman School of Applied Biosciences (ASAB) | 10/25/2016 | 615.32 vee | ASAB2033 | 10/25/2016 | 10/25/2016 | Book |
